| 000 | 01236nam a22003371a 4500 | ||
|---|---|---|---|
| 001 | 12702185 | ||
| 005 | 20150130020003.0 | ||
| 008 | 020313s2002 mdu b 000 0 eng | ||
| 010 | _a2002004114 | ||
| 020 | _a0810843749 | ||
| 020 | _a0810843749 | ||
| 040 |
_aDLC _cDLC _dDLC |
||
| 042 | _apcc | ||
| 043 | _an-us--- | ||
| 050 | 0 | 0 |
_aLB2805 _b.S264 2002 |
| 082 | 0 | 0 |
_a371.2 _221 _bS175 |
| 100 | 1 | _aSalowe, Allen E. | |
| 245 | 1 | 4 |
_aThe solutions fieldbook : _btools and strategies for schools / _cAllen Salowe, Leon Lessinger. _h[Text] |
| 260 |
_aLanham, Md. _bScarecrow Press _c2002 |
||
| 300 | _aviii, 278 p. ; 24 cm. | ||
| 500 | _a"A ScarecrowEducation book." | ||
| 504 | _aIncludes bibliographical references. | ||
| 650 | 0 |
_aTeaching. _vHandbooks, manuals, etc. |
|
| 650 | 0 |
_aSchool management and organization _zUnited States. _vHandbooks, manuals, etc. |
|
| 700 | 1 | _aLessinger, Leon M. | |
| 906 |
_a7 _bcbc _corignew _d1 _eecip _f20 _gy-gencatlg |
||
| 925 | 0 |
_aacquire _b2 shelf copies _xpolicy default |
|
| 955 |
_fsj05 2002-10-01; _gsj05 2002-10-01 to BCCD |
||
| 955 |
_dsj10 2002-03-13 _esj05 2002-03-14 to Dewey; aa11 2002-03-14 |
||
| 942 | 0 | 0 | _02 |
| 999 |
_c35548 _d35548 |
||